[Event "Olympiad-33"]
[Site "Elista"]
[Date "1998.10.03"]
[Round "5.1"]
[White "Adams, Michael"]
[Black "Alterman, Boris"]
[Result "1/2-1/2"]
[WhiteElo "2715"]
[BlackElo "2600"]
[Annotator "Tsesarsky,I"]
[PlyCount "85"]
[EventDate "1998.09.29"]
[EventType "team-swiss"]
[EventRounds "13"]
[EventCountry "RUS"]
[SourceTitle "CBM 068"]
[Source "ChessBase"]
[SourceDate "1999.02.01"]
[SourceVersion "1"]
[SourceVersionDate "1999.02.01"]
[SourceQuality "1"]
[WhiteTeam "England"]
[BlackTeam "Israel"]
[WhiteTeamCountry "ENG"]
[BlackTeamCountry "ISR"]

{[%mdl 256]} 1. e4 c5 2. Nf3 Nc6 3. d4 cxd4 4. Nxd4 g6 5. c4 Nf6 6. Nc3 d6 7.
Be2 Nxd4 8. Qxd4 Bg7 9. Be3 O-O 10. Qd2 (10. Qd3 Be6 11. Bd4 Nd7 12. Bxg7 Kxg7
13. O-O Nc5 14. Qd4+ f6 15. b4 Nd7 16. Nd5 a5 17. a3 Bxd5 18. exd5 Qb6 19. Qc3
$14) (10. Qd1 Be6 11. O-O Qa5 12. Rc1 Rfc8 13. b3 a6 14. f4 Nd7 15. f5 Bxc3 16.
fxe6 fxe6 17. Bg4 Nc5 18. Kh1 Bg7 19. Bxc5 Rxc5 20. Bxe6+ Kh8 21. Rc2 $14)
10... Be6 11. O-O (11. Rc1 Qa5 12. f3 Rfc8 (12... a6 13. Nd5 Qxd2+ 14. Kxd2 $14
) 13. b3 a6 14. Na4 Qxd2+ 15. Kxd2 Nd7 16. g4 f5 17. exf5 gxf5 18. h3 $14) (11.
f3 Qa5 12. O-O Rfc8 13. Rfc1 a6 14. Rab1 Kf8 (14... Bxc4 15. Nd5 Qxd2 16. Nxe7+
Kf8 17. Bxd2 Kxe7 18. Bxc4 $14) 15. b4 Qd8 16. c5 $14) 11... Qa5 12. Rab1 (12.
Rac1 Rfc8 13. b3 a6 14. f4 b5 15. f5 Bd7 16. fxg6 (16. e5 b4 17. exf6 bxc3 18.
Rxc3 Bxf6 19. Bd4 Bxd4+ 20. Qxd4 Bxf5 $15) (16. b4 Qxb4 17. e5 dxe5 18. fxg6
Be6 (18... hxg6 19. Rxf6 Bxf6 20. Qxd7 bxc4 21. Nd5 Qa5 22. Nb6 Rd8 $15) 19.
gxf7+ Bxf7 20. Bh6 Bxh6 21. Qxh6 Bxc4 22. Qg5+ Kh8 23. Rxf6 Rg8 $19) 16... hxg6
17. e5 b4 18. exf6 bxc3 19. Rxc3 Bxf6 20. Rd3 Qxd2 21. Rxd2 $14) 12... Rfc8 13.
b3 (13. b4 Qd8 14. c5 a5 (14... Ng4 15. Bxg4 Bxg4 $11) 15. a3 axb4 16. axb4 Ra3
17. Nb5 Ra2 18. Qd3 d5 (18... d5 19. Rbd1 Nxe4 $15 {1/2-1/2 Hanel,R-Stefansson,
H/Vienna op 1991 (29)})) 13... Ng4 (13... Nd7 14. Rfc1 (14. Nd5 Qxd2 15. Bxd2
Bxd5 16. exd5 b5 17. Rfe1 $14) 14... Qd8 (14... Qb4 15. Rc2 a6 16. Rbc1 (16.
Nd5 Qxd2 17. Rxd2 Kf8 18. Nf4 $14) 16... Rab8 (16... Ne5 17. Nd5 $14) 17. f3 (
17. Bg5 Bf6 18. Bxf6 Nxf6 19. Nd5 Nxd5 (19... Qxd2 20. Nxf6+ Kg7 (20... exf6
21. Rxd2 $16) 21. Nh5+ gxh5 22. Rxd2 b5 23. Rdc2 $14) 20. exd5 Qxd2 21. Rxd2
Bf5 22. b4 $14) 17... Qa5 18. Nd5 $1 Qxd2 19. Rxd2 Kf8 (19... Bxd5 20. Rxd5 $14
(20. exd5 a5 21. Kf2 $14)) 20. Rdc2 f5 $5 (20... Nf6 21. Nb6 Rc6 22. b4 Nd7 23.
Nd5 Rbc8 24. a4 $14) 21. exf5 Bxf5 22. Rd2 $14 {1-0 Oll,L-Alterman,B/Krynica
1997/CBM 62/[Tsesarsky] (80)}) (14... a6 $5 15. b4 Qe5 16. Nd5 Bxd5 17. exd5
$14) 15. Nd5 Nc5 (15... Bxd5 16. exd5 a5 17. Bg4 $14) 16. Bf3 a5 17. h4 $14 {
1-0 Ivanchuk,V-Anand,V/Buenos Aires Sicilian 1994 (35)}) (13... b5 14. b4 (14.
Nxb5 Qxd2 15. Bxd2 Nxe4 $11) 14... Qc7 (14... Qd8 15. cxb5 Ng4 16. Bd4 $16) 15.
e5 $1 dxe5 (15... Ng4 16. Nxb5 Qb7 17. exd6 Nxe3 18. Qxe3 Bxc4 19. Nc7 $18) 16.
Nxb5 Qb7 17. Rfc1 $16 {1-0 Ivanchuk,V-Kovacevic,A/Belgrade 1997/CBM 62 (42)}) (
13... a6 14. Rfc1 b5 (14... Rab8 15. f3 Kf8 (15... Nd7 16. b4 Qd8 17. Nd5 Bxd5
(17... f5 18. Bg5 Nf6 19. Nxf6+ exf6 20. Bf4 Bf8 21. c5 fxe4 22. fxe4 Rc6 23.
Bc4 Bxc4 24. Rxc4 $14 {Micic,J-Ptacnikova,L/Erevan olw 1996/EXT 96ch2/ - (51)})
18. Qxd5 Qc7 19. Qd1 a5 20. a3 axb4 21. axb4 $14 {Kudrin,S-Dzindzichashvili,R/
USA-ch/1995/0,5/45/}) 16. Qe1 $5 (16. b4 Qd8 17. Nd5 $1 $14 {1-0 Psakhis,
L-Rodriguez,A/Andorra 1996 (41)} (17. c5 dxc5 18. Qxd8+ Rxd8 19. bxc5 $14))
16... Nd7 17. b4 Qd8 18. Nd5 Bxd5 19. cxd5 $16 {1-0 Morovic Fernandez,I-Kudrin,
S/New York op 1997/EXP 57 (25)}) (14... Qb4 15. a3 Qa5 16. b4 (16. f3 Nd7 17.
Nd5 Qxd2 18. Bxd2 Bxd5 19. cxd5 $14 {Zontakh,A-Velimirovic,D/Pozarevac/1995/0,
5/75/}) 16... Qxa3 17. Ra1 Qxb4 (17... Nxe4 18. Rxa3 Nxd2 19. Bxd2 Bxc4 20. Bf3
$14) 18. Ra4 Nxe4 19. Rxb4 Nxd2 20. Bxd2 $14 {David,A-Antunes,A/Yerevan (ol)
1996 (24)}) (14... Nd7 15. f4 (15. b4 Qd8 16. Nd5 Bxd5 17. Qxd5 Qc7 18. Qd1 a5
19. a3 axb4 20. axb4 b6 21. f4 $14 {Kudrin,S-Dzindzichashvili,R/USA-ch/1995/0,
5/45/}) 15... Rab8 16. b4 Qd8 17. Nd5 Nf6 18. Bf3 $14 {Zarnicki,P-Spangenberg,
H/ARG-ch/1995/0,5/40/} (18. Bf3 b6 19. Qf2 Nxd5 20. exd5 Bd7 $14 {Zarnicki,
P-Spangeberg,H/ARG-ch/1995/0,5/40/})) (14... Qd8 15. f3 Nd7 16. Nd5 Bxd5 17.
cxd5 $14 (17. exd5 a5 18. a3 b6 19. Bd1 (19. f4 $14) 19... Rcb8 20. a4 $6 Nc5
21. Bc2 Qf8 22. Re1 Re8 23. Bf2 Bf6 24. Re2 Qg7 $1 $11 {[%csl Gb4,Gc5][%cal
Gg7b2] 1/2-1/2 Dorfman,J-Cebalo,M/Open, Torino ITA 1998 (31)})) 15. b4 $1 Qd8
16. cxb5 axb5 17. Bxb5 Ra3 18. Bf1 Rcxc3 19. Rxc3 Rxa2 20. Qc1 Nxe4 21. Ra3 $16
{Ivanchuk,V-Khalifman,A/Yalta act/1995/1:0/42/}) 14. Nd5 (14. Bd4 Bxd4 15. Qxd4
Qc5 16. Qd2 (16. Qd3 Nf6 17. Kh1 Bd7 18. f4 a5 $11 {0-1 Korneev,O-Tiviakov,S/
Linares 1998/EXP 62(51)}) 16... Nf6 17. Bf3 (17. Rfc1 a5 18. Bf3 $14 (18. Re1
Kg7 19. Bf3 Rab8 20. Nd5 $14 (20. Rbc1 Re8 21. Na4 Qb4 22. Qxb4 (22. Qb2 Bxc4
$15 {0-1 Carvalheiro,F-Antunes,A/Team Championships, Lisbon POR 1998 (29)})
22... axb4 23. e5 $14))) 17... Rab8 18. Rfe1 Qa5 19. Qe3 a6 20. Nd5 Bxd5 21.
exd5 Rc7 22. b4 Qxa2 23. c5 Rd8 24. Ra1 Qb2 25. c6 bxc6 26. Qb6 Rdc8 27. Rab1
Qa2 28. Ra1 Qb3 29. dxc6 d5 30. Rec1 Qb2 31. Qxa6 Qxb4 $17 {0-1 Vouldis,
A-Motylev,A/Rotterdam NED 1998 (53)}) 14... Qxd2 15. Bxd2 Kf8 (15... Bxd5 16.
exd5 Nf6 17. Bd3 Nd7 18. Rfe1 $14 {1/2-1/2 Popovic,Petar-Velimirovic,Dragoljub/
Niksic (Yugoslavia) (12) 1997 (55)}) 16. Bg5 (16. Bxg4 Bxg4 17. Bg5 e6 (17...
f6 18. Bd2 Be6 19. Rbc1 Kf7 20. Rfe1 Bd7 21. Bf4 Bc6 22. f3 $11 {1/2-1/2
Franzen,J-Wirthensohn,H/18th Mitropa Cup, Portoroz SLO 1998 (32)}) 18. Nf6 h6
19. Bxh6 Be2 20. Rfe1 Bxc4 21. Nd7+ Kg8 22. Bxg7 Kxg7 23. Rbd1 (23. bxc4 Rc7
24. c5 Rxd7 25. cxd6 $14) 23... Bb5 24. Rxd6 Bxd7 25. Rxd7 $14 {1/2-1/2 Enders,
P-Brendel,O/BL 1995 (52)}) 16... Nf6 (16... f6 17. Bd2 Ne5 18. f4 Nc6 19. f5
Bf7 20. g4 Ne5 21. Rbc1 Bxd5 22. exd5 Kf7 23. Be3 b6 24. h4 h5 25. gxh5 g5 26.
hxg5 fxg5 27. Bxg5 Bf6 28. Bf4 Bg5 29. Bxg5 $16 {1-0 Gelfand,B-Andersson,U/
1997}) 17. Nxf6 Bxf6 18. Bxf6 exf6 19. f4 $14 (19. Rbd1 Ke7 20. f4 Rc5 21. Rd4
a5 22. Rfd1 Ra6 23. g4 $14 {1/2-1/2 Tischbierek,R-Van der Weide,K/Berliner
Sommer 1997/ (46)}) 19... Ke7 20. Rfd1 (20. Rb2 a5 21. Kf2 Rc6 22. Ke3 $14)
20... a5 21. Rd4 Rc5 22. Kf2 h6 (22... Rac8 23. Ke3 $14) 23. Ke3 Ra6 24. Kd2 (
24. Rbd1 g5 25. f5 Bd7 26. g3 Rb6 27. h4 Re5 28. Kf2 Rc5 29. R1d2 $14) 24... g5
25. g3 gxf4 26. gxf4 f5 27. exf5 (27. Bf3 fxe4 28. Bxe4 Rh5 29. Rh1 Ra7 30. Bf3
Rh3 31. Bg2 Rh4 $11) 27... Rxf5 (27... Bxf5 28. Re1 Kd7 29. Bf3 b6 30. a4 Bg6 (
30... Ra7 31. Kc3 Rac7 32. Red1 $18) 31. Rd1 Ke7 32. Kc3 Bh5 33. Bxh5 Rxh5 34.
Rxd6 Rh3+ 35. R1d3 Rxd3+ 36. Rxd3 Ra8 37. Rd5 $16) 28. Re1 (28. Bg4 Rc5 29. Re1
Kf6 30. Bf3 Rb6 (30... a4 31. b4 Rc7 32. a3 Bxc4 33. Bxb7 $16) 31. Kc3 Ke7 $14)
28... Kf6 29. Bf3 Rb6 30. Kc3 (30. Kd3 Rc5 $14) 30... Rc5 31. a3 (31. Red1 Ke7
(31... Kf5 32. Rxd6 Rxd6 33. Rxd6 Kxf4 34. Bxb7 $16) 32. Re1 Kf6 $14) 31... Rc7
32. Red1 (32. h4 Rc8 (32... Rc5 33. Red1 (33. Rg1 Rc7 34. Rg8 a4 35. b4 $16)
33... Ke7 34. Rg1 Kf6 35. Rg8 Rc8 36. Rxc8 Bxc8 37. Rd5 Ra6 38. Rb5 Ra7 39. Kd4
$16) 33. Red1 Ke7 34. Rg1 Rb5 (34... a4 35. b4 $16) 35. a4 Rb6 36. Rg7 Rh8 $14)
32... Ke7 33. Rf1 $6 (33. Rg1 $1 Rb5 34. a4 (34. Rg8 Rbc5 35. Rh8 $2 (35. a4 d5
36. f5 dxc4 (36... Bxf5 37. Bxd5 $14) 37. fxe6 cxb3+ 38. Kb2 Rc2+ 39. Kb1 Rc1+
40. Kb2 R1c2+ $11) 35... a4 $15) 34... Rbc5 35. Kd2 (35. Rg8 d5 $1 $11) 35...
Bf5 36. Re1+ Kd7 37. Rd1 Ke6 38. Kc3 Rd7 39. h4 $16) (33. a4 Rc8 34. Rg1 $14 (
34. h4 Rg8 35. R4d3 Rg3 36. Be2 Rg2 37. Re3 Kf6 38. Bf3 Rg3 39. Rdd3 Bf5 40.
Bd1 Rg1 41. Rd2 $14)) 33... Rb5 34. b4 $6 (34. a4 $1 $14) 34... axb4+ 35. axb4
Rf5 36. Re1 $6 $11 (36. Be4 $1 $14 Rf6 (36... Rh5 37. f5 Rh3+ 38. Bd3 Bc8 39.
f6+ Ke6 40. Re4+ Kd7 41. Re7+ Kc6 42. Rf2 $16) 37. Kd3 Bd7 38. Re1 Re6 39. Ra1
b5 40. cxb5 Bxb5+ 41. Kd2 f5 42. Bf3 (42. Bd3 Bxd3 43. Kxd3 Rb7 44. Rg1 Kf6 (
44... Kd7 45. Rg7+ Re7 46. Rxe7+ Kxe7 47. Kc4 Rc7+ 48. Kd5 Rc2 49. Rc4 Rd2+ 50.
Kc6 Rxh2 51. b5 $16) 45. h4 $14) 42... Kf6 43. Ra5 Bf1 44. Rdd5 Bh3 45. Ra6 Ke7
46. Be2 Bg2 47. Rd4 $14 (47. Rxf5 Be4 48. Rfa5 Rc2+ 49. Kd1 Rg6 $19)) 36... Kf6
37. Kb2 (37. Kd2 Bxc4 38. Rc1 b5 39. Bg4 Rc6 $44) (37. Be2 b5 38. Rxd6 Rxf4 39.
c5 Ra7 40. Rf1 Ra3+ 41. Kd2 Rxf1 42. Bxf1 Ke5 (42... Rb3 43. Rd4 Ke5 44. Rh4 f5
45. Bxb5 f4 46. Bd3 Rb2+ 47. Kc3 (47. Kc1 Rxb4 48. Rxh6 $11) 47... Rb3+ 48. Kd2
Rb2+ $11) 43. Bxb5 Rb3 $11) 37... Bxc4 38. Rc1 b5 39. Bg4 Rc6 40. Rcd1 d5 41.
Re1 Ra6 42. Bxf5 Kxf5 43. Re5+ (43. Re5+ Kg6 44. Rexd5 Ra2+ 45. Kc3 Bxd5 46.
Rxd5 Rxh2 $11) 1/2-1/2

[Event "RUS-chT 05th"]
[Site "Maikop"]
[Date "1998.06.07"]
[Round "5"]
[White "Yandemirov, Valeri"]
[Black "Petrushin, Alexander I"]
[Result "1-0"]
[WhiteElo "2545"]
[BlackElo "2425"]
[Annotator "Tsesarsky,I"]
[PlyCount "81"]
[EventDate "1998.06.03"]
[EventType "team-tourn"]
[EventRounds "11"]
[EventCountry "RUS"]
[SourceTitle "CBM 066"]
[Source "ChessBase"]
[SourceDate "1998.09.30"]
[SourceVersion "1"]
[SourceVersionDate "1998.09.30"]
[SourceQuality "1"]
[WhiteTeam "Kazan Sberbank-Tatarstan"]
[BlackTeam "Cherepovets Severstal"]
[WhiteTeamCountry "RUS"]
[BlackTeamCountry "RUS"]

1. e4 (1. c4 c5 2. Nf3 g6 3. e4 Nc6 4. d4 cxd4 5. Nxd4 Nf6 6. Nc3 d6 7. Nc2 (7.
f3 Qb6 8. Be3 $1 (8. Nc2 $6 Bg7 9. Rb1 Ng4 (9... Nb4 10. Nxb4 Qxb4 11. a3 Qb6
12. Bd3 O-O 13. Qe2 Bd7 14. Be3 Qa5 15. O-O $132) 10. Qd2 Bxc3 11. Qxc3 Qf2+
12. Kd1 O-O $15) 8... Qa5 9. Nb3 Qd8 (9... Qe5 10. Qd2 (10. c5 dxc5 11. Nxc5
Bg7 12. Bb5 O-O 13. Qa4 $132) 10... Bg7 11. Be2 O-O 12. O-O $14) 10. c5 (10.
Be2 Bg7 11. Qd2 O-O 12. O-O $14) 10... Be6 11. cxd6 exd6 12. Nd4 Bg7 13. Nxe6
fxe6 14. Bc4 Qe7 15. O-O O-O $14 {0-1 Anikaev,Y-Khasin,A/Vladivostok op 1990 
(29)}) (7. Be2 Nxd4 8. Qxd4 Bg7 9. Bg5 $5 (9. Be3 O-O 10. Qd2 Be6 11. Rc1 Qa5
12. O-O Rfc8 13. b3 a6 $132)) 7... Bg7 8. Be2 Nd7 $1 $10 {Barczay-Matulovic/
Kortschnoj-Matulovic/ Matulovic=:M}) 1... c5 2. Nf3 d6 3. d4 cxd4 4. Nxd4 Nf6
5. f3 Nc6 6. c4 Nxd4 7. Qxd4 g6 8. Nc3 Bg7 9. Be3 O-O 10. Qd2 Be6 11. Be2 Qa5
$6 (11... Rc8 $1 12. Nd5 (12. b3 d5 $3 (12... b5 $2 13. e5 $1 dxe5 14. Qxd8
Rfxd8 15. Nxb5 $16) 13. e5 (13. cxd5 Nxd5 $19) (13. exd5 Nxd5 $17) (13. Rc1
dxc4 $17) 13... Nd7 (13... Nh5 $1 14. Nxd5 (14. g4 Bxe5 15. gxh5 (15. Rd1 dxc4
$19) 15... d4 $17) 14... Bxd5 15. Rd1 (15. Qxd5 Qxd5 16. cxd5 Bxe5 17. Rc1 (17.
Rd1 Rc2 $17) 17... Rxc1+ (17... Nf4 18. Bxf4 Bxf4 19. Rc4 Bd6 20. Kd2 Rfd8 $15)
18. Bxc1 Rc8 $17) 15... Bc6 16. g4 Qxd2+ 17. Bxd2 (17. Rxd2 Bxe5 18. gxh5 Bc3
$19) 17... Bxe5 18. gxh5 gxh5 $17) 14. Nxd5 (14. cxd5 Nxe5 (14... Bxe5 15. Rc1
Bf5 16. g4 Qa5 17. Bc4 Bxc3 18. Qxc3 Qxc3+ 19. Rxc3 Bb1 20. Kd2 Bxa2 21. Ra1
$16) 15. Rc1 (15. Bd4 Bxd5 $17) (15. dxe6 Nxf3+ 16. Bxf3 Bxc3 $19) 15... Bxd5
16. Nxd5 Rxc1+ 17. Qxc1 Qxd5 18. O-O Qa5 $17) 14... Bxd5 (14... Nxe5 15. Rd1
Bxd5 16. Qxd5 Qc7 $11) 15. Qxd5 Nxe5 16. Rd1 Qc7 17. O-O Rfd8 18. Qe4 Nc6 $11)
12... Nxd5 13. cxd5 Bd7 14. O-O (14. Bxa7 Bxb2 15. Qxb2 Qa5+ 16. Qd2 Qxa7 $15)
14... a6 15. Rac1 Rxc1 16. Rxc1 Qb8 17. Qa5 Rc8 18. Rxc8+ Qxc8 19. Qb6 Kf8 $11)
12. O-O (12. Nb5 {O'Kelly-Matulovic/Palma de Mallorca/1967} Qxd2+ 13. Kxd2 (13.
Bxd2 a6 14. Nc7 Rac8 15. Nxe6 fxe6 16. Rc1 Nd7 17. Rc2 h5 {1/2-1/2 Botvinnik,
M-Benko,P/Wijk aan Zee 1969}) 13... Nd7 $5 (13... a6 14. Nc7 Rab8 15. Nxe6 fxe6
16. Rac1 $14 {Cebalo,M-Grabert,R/18th op, Bled SLO 1997/1/2-1/2 (75)}) 14. Rab1
(14. Nc7 Rac8 15. Nxe6 fxe6 16. Rab1 Ne5 17. Rhc1 Nc6 $14 {/\ 18... Bd4
O'Kelly-Matulovic/M}) 14... Ne5 $132 {1/2-1/2 Botvinnik,M-Matulovic,M/Belgrade
URS-World [08] 1970 (25)} (14... Rfc8 15. Nxa7 $14)) (12. Rb1 Rfc8 13. b3 a6 (
13... Ng4 14. Nd5 Qxd2+ 15. Bxd2 Bxd5 16. exd5 Nf6 $14) 14. Na4 Qxd2+ 15. Kxd2
Nd7 16. Rhc1 Rcb8 17. Nc3 Rc8 18. Rc2 b5 19. Rbc1 bxc4 20. Na4 Nc5 21. Bxc4
Nxa4 22. Bxe6 Rxc2+ 23. Rxc2 fxe6 24. bxa4 $14 {1/2-1/2 Araque,R-Hernandez,T/
Capablanca mem Masters II, Havana CUB 1998 (43)}) 12... Rfc8 13. Rfc1 (13. Rac1
Nd7 14. b3 a6 15. f4 Nc5 16. f5 $40 {1-0 Lehner,O-Nedilsky,D/WchJM-U16 1991 
(56)}) (13. Nb1 Qxd2 14. Nxd2 Nd7 15. Rab1 Rc7 16. b3 b6 $11 {Sorsak,J-Hava,C/
Marijampole op 1994/1-0 (57)}) 13... a6 (13... Bxc4 14. Nd5 Qxd2 15. Nxe7+ Kf8
16. Bxd2 Kxe7 17. Rxc4 Rxc4 18. Bxc4 Nd7 19. Bd5 $5 $14 (19. Be3 Nb6 $11) (19.
Bg5+ Bf6 20. Bxf6+ Nxf6 $11 {1/2-1/2 Yandemirov,V-Vaulin,A/Russian Cup f 1997})
) 14. Rab1 Nd7 (14... Kf8 15. b4 Qd8 16. c5 (16. Nd5 Nxd5 17. exd5 $14) 16...
Qd7 17. cxd6 Qxd6 18. Qxd6 exd6 {1/2-1/2 Rodriguez,A-Antunes,A/Mondariz
ACEIMAR op 1994} 19. a4 $14) 15. b4 Qd8 16. Nd5 Bxd5 17. exd5 $11 (17. cxd5 b5
$1 $11) 17... a5 $1 18. bxa5 (18. a3 axb4 19. axb4 Ra4 20. c5 Rca8 21. Rc2 $132
) 18... Qxa5 (18... Rxa5 19. Bb6 $1 Rxa2 $1 (19... Nxb6 20. Qxa5 $16) 20. Qxa2
Nxb6 $14) 19. Qxa5 Rxa5 20. Rxb7 Rxa2 (20... Nc5 $5 21. Bxc5 (21. Rxe7 Kf8 22.
Re4 Nxe4 23. fxe4 Rxa2 $17) 21... Rcxc5 22. Rc2 $14 (22. Rxe7 Kf8 23. Rb7 Rxa2
$11)) 21. Kf1 (21. Bf1 Rd8 $11) 21... Rd8 $11 22. Rcb1 Ra1 (22... Bf6 $11) 23.
Rxa1 Bxa1 $14 24. Rc7 (24. Ke1 Kg7 25. Kd2 h5 26. g3 Bf6 27. f4 Kf8 (27... Nc5
28. Bxc5 dxc5 29. Rc7 $16) 28. f5 (28. h3 Nc5 29. Bxc5 dxc5 30. Rc7 Bd4 $11)
28... Ne5 $11) 24... h5 25. Bd1 Bf6 26. f4 Nf8 27. Ba4 Ra8 28. Ba7 $1 e5 $2 (
28... Rd8 29. Bc6 Kg7 30. g3 g5 31. fxg5 Bxg5 32. Ke2 Ng6 $11) 29. Bc6 $16 Rd8
(29... Bd8 30. Bxa8 Bxc7 31. fxe5 dxe5 32. c5 $18) 30. g3 $2 $11 (30. Rb7 $1
$16 exf4 31. Bb8 Be7 32. Bc7 Ra8 33. Bb6 Ra1+ 34. Ke2 Ra2+ 35. Kd3 Bf6 36. c5
dxc5 37. Bxc5 (37. d6 Ra3+ 38. Kc4 Rc3+ 39. Kb5 Ne6 40. Be8 (40. Bd5 Nd4+ 41.
Ka4 Rc1 $19) 40... Nd4+ 41. Ka4 Rc1 42. Bxf7+ Kh8 43. Bxc5 Rxc5 $19) 37... Rxg2
38. Be8 Rb2 39. Bxf7+ Kg7 40. Ra7 Nh7 $8 41. Be6+ Kh8 (41... Kh6 42. Bg8 Rxh2 (
42... Rb3+ 43. Kc4 Rc3+ 44. Kb4 Bg7 45. Bxh7 $18) 43. Rxh7+ Kg5 44. Be6 $16)
42. Ra8+ Kg7 43. Rg8+ Kh6 44. Bf7 $18) 30... exf4 (30... Kg7 31. Rb7 exf4 32.
gxf4 g5 33. Bb8 gxf4 34. Bc7 $16) 31. gxf4 Nh7 $2 $16 (31... Kg7 32. Rb7 $16) (
31... g5 $1 32. fxg5 (32. f5 Be5 33. h3 Nh7 (33... Kg7 34. Rb7 Kf6 35. Bb6 Rc8
36. c5 Kxf5 37. Rxf7+ Ke4 38. Bc7 Rxc7 (38... dxc5 39. d6+ Kd3 40. Bb7 Re8 41.
Re7 Bxd6 42. Rxe8 Bxc7 43. Rxf8 $18) 39. Rxc7 dxc5 40. Rf7 Bd6 41. Rg7 $16) 34.
Rb7 Nf6 35. Ke2 (35. Be3 g4 36. hxg4 Nxg4 $132) 35... g4 36. hxg4 hxg4 $132)
32... Bxg5 33. Ke2 (33. c5 dxc5 34. Bxc5 Bf4 $11) 33... Bf4 34. h3 Ng6 35. Kf3
Bh2 36. Ke4 Ne5 37. Bb5 Kg7 38. Kf5 Ng6 39. Rb7 $132) 32. Rb7 Bg7 $2 $18 (32...
Kg7 33. Ke2 $16) (32... g5 33. Bb8 gxf4 34. Bc7 Ra8 35. Bxd6 $16) 33. Rb8 $1 (
33. Ke2 $16) 33... Rf8 (33... Rxb8 34. Bxb8 Bf8 35. c5 dxc5 36. d6 c4 37. d7
Be7 38. Bc7 c3 39. Ke2 $18) 34. c5 Bd4 (34... dxc5 35. Be8 $1 (35. d6 Rxb8 36.
Bxb8 Bf6 37. Bc7 Nf8 38. d7 Ne6 $15) 35... Nf6 36. d6 c4 37. d7 Nxd7 38. Bxd7
Rxb8 39. Bxb8 c3 40. Ba4 $18) 35. Be8 $1 Nf6 (35... Bxc5 36. Bxc5 dxc5 37. d6
Nf6 38. Rc8 $1 c4 (38... Nxe8 39. d7 $18) (38... Rxe8 39. Rxe8+ Nxe8 40. d7 $18
) 39. d7 Nxd7 40. Bxd7 Rxc8 41. Bxc8 c3 42. Ke2 Kg7 43. Kd3 h4 44. Kxc3 f5 45.
Bxf5 (45. Kd4 g5 46. fxg5 Kg6 47. Ke5 Kxg5 48. Bxf5 Kh6 49. Kf6 Kh5 50. h3 Kh6
51. Be4 Kh5 52. Kg7 Kg5 53. Bg6 Kf4 54. Kf6 $18) 45... gxf5 46. Kd4 $18) 36. c6
Nxe8 37. Bxd4 Nc7 38. Rb7 Nxd5 39. c7 Ne7 40. Rb8 Nc8 41. Bf6 1-0

[Event "Belgrade olympia hopes"]
[Site "Belgrade"]
[Date "2002.06.26"]
[Round "1"]
[White "Zivanic, Marko"]
[Black "Ivanisevic, Ivan"]
[Result "0-1"]
[WhiteElo "2450"]
[BlackElo "2547"]
[Annotator "Tsesarsky,I"]
[PlyCount "105"]
[EventDate "2002.06.26"]
[EventType "schev"]
[EventRounds "5"]
[EventCountry "YUG"]
[SourceTitle "CBM 091"]
[Source "ChessBase"]
[SourceDate "2002.11.12"]
[SourceVersion "1"]
[SourceVersionDate "2002.11.12"]
[SourceQuality "1"]

1. d4 Nf6 2. c4 d6 3. Nf3 g6 4. Nc3 Bf5 5. Nh4 Bd7 6. e4 Bg7 7. Be2 O-O 8. Nf3
a6 9. O-O c5 10. Be3 cxd4 11. Nxd4 Nc6 {Black won one tempo comparing to
standard theoretical position: Bd7. Because White had played Nf3-h4-f3, and
Black Bc8-f5-d7. This tempo is not so important, but probably is enough to
recieve good counterplay.} 12. f3 Nxd4 13. Bxd4 Be6 {The game is transferred
to a well-known theoretical position. White has slight advantage.} ({Another
plan is} 13... Bc6 {- justifying extra tempo.}) 14. Be3 ({Or} 14. Qd2 Qa5 15.
Rac1 (15. Rab1 $6 Rfc8 16. b4 Qd8 17. Nd5 Nxd5 18. cxd5 Bd7 $11) 15... Rfc8 16.
b3 Nd7 17. Be3 $14 {[%cal Gf1d1]}) 14... Qa5 15. Rb1 $6 {Inaccuracy. Now Black
equalizes easily.} ({Better looks} 15. Qd2 Rfc8 16. Rac1 (16. b3 $2 b5 $1)
16... Nd7 (16... Bxc4 $2 17. Nd5 Qxd2 18. Nxe7+ Kf8 19. Bxd2 Kxe7 20. Bxc4 $16)
17. b3 Nc5 18. Rc2 $14) 15... Rfc8 16. b4 Qd8 {[%csl Rc4][%cal Ge6c4,Gc8c4]}
17. Nd5 ({Equal but not simple position after} 17. c5 $5 Nd7 18. Nd5 dxc5 19.
bxc5 Bxd5 (19... Nxc5 $2 20. Nb6 $16) 20. Qxd5 e6 21. Qd3 Rc7 22. Rfd1 Qc8 23.
c6 bxc6 24. f4 $44 {[%csl Gc6,Ge2,Ge3]}) 17... Nxd5 18. cxd5 Bd7 19. Qd2 $6 ({
Equal position after} 19. Bd3 $11 {[%cal Gd1e2,Gf1c1]}) 19... Bc3 20. Qd1 Qe8 {
Black doesn't want draw in this absolutely equal position.} (20... Bg7 21. Qd2
$11) 21. Bd3 e6 22. dxe6 Bxe6 23. a3 (23. a4 $2 Ba2 24. Rc1 Bxb4 $17) 23... d5
24. Qe2 $6 $15 (24. Bc5 $142 d4 25. f4 Rc6 {[%cal Gb7b6]} 26. f5 Ba2 27. Ra1 $1
b6 (27... Bxa1 28. Qxa1 b6 29. fxg6 bxc5 30. gxh7+ Kxh7 31. Qxa2 c4 32. Bxc4
Qxe4 33. Qb3 (33. Bd5 $2 Qe3+ 34. Qf2 (34. Kh1 Rc1 $17) 34... Qxf2+ $17) 33...
Qe3+ 34. Qxe3 dxe3 35. Bd5 Rac8 36. Bxc6 Rxc6 37. Rxf7+ Kg6 38. Rf1 $16) 28.
Rxa2 bxc5 $11) 24... Qa4 {[%csl Ra3]} 25. exd5 Bxd5 26. Bc1 Bd4+ 27. Kh1 Re8
28. Qd2 (28. Qc2 $2 Qxc2 29. Bxc2 Ba2 $17 {[%csl Rb1]}) 28... Be3 29. Qb2 Rad8
30. Bc2 ({Worth of attention} 30. Bxe3 $5 Rxe3 31. Qd4 (31. Be4 Bxe4 32. fxe4
Rxe4 33. Qf6 Qe8 $17) 31... Qe8 32. Be4 Bxe4 33. Qxe3 Bxb1 34. Qxe8+ Rxe8 35.
Rxb1 Re3 36. Ra1 $15 {-exactly position from this game! see above.}) 30... Qc6
31. Bb3 Bc4 32. Bxc4 Qxc4 33. Bxe3 Rxe3 34. Rfe1 Qe6 (34... Qd3 35. Rxe3 (35.
Qf2 Rde8 $17 {[%csl Ra3]}) 35... Qxe3 $15) 35. Qf2 Re8 36. Rxe3 Qxe3 37. Qxe3
Rxe3 38. Ra1 {We have seen already this position in 30-th move annotation.
Black has slight advantage, but White is able to draw easily.} b5 39. h3 $6 ({
The endgame is not dangerous for White. The way to equalize is} 39. Kg1 Kg7 40.
Kf2 Rb3 41. h4 Rb2+ (41... h5 42. Kg3 Kf6 43. Kf4 Ke6 44. g4 $11 (44. Kg5 $11))
42. Kg3 Kf6 43. Re1 Rb3 44. Ra1 Ke5 45. Re1+ Kd6 ({And if black K will walk to
the queenside, white R will capture black PP on the kingside, position will be
complicated, but it is difficult to say definitely, which side has an
advantage.} 45... Kd4 46. Re7 Rxa3 47. Rxf7 Kc4 48. Rxh7 Kxb4 49. Rg7 a5 50.
Rxg6 a4 51. h5 Re3 52. h6 Re8 53. Kh4 a3 54. Ra6 $132) 46. Rd1+ $15) 39... Kg7
40. a4 $6 ({Why not} 40. Kg1 Kf6 41. Kf2 Rb3 42. h4 Kf5 43. Kg3 $15) 40... Rb3
41. axb5 axb5 42. Ra7 Rxb4 43. Rb7 Rb2 44. Kh2 ({White should play} 44. Rb6 {
[%csl Rg7][%cal Gb6f6] in order to restrict Kg7.} h5 45. h4 Kf8 46. Rb7 $15)
44... h5 (44... Kf6 $5 45. h4 h5 46. Kh3 Ke6 47. g4 $44 {-see below.}) 45. h4 (
45. Rb6 h4 $19 {[%csl Rh2]}) 45... Kf6 46. Kh3 Ke6 47. g3 $6 ({Why not active} 
47. g4 $1 b4 (47... Rb1 48. Kg3 b4 49. gxh5 gxh5 50. Rb5 $44) (47... hxg4+ 48.
fxg4 b4 (48... Rb3+ 49. Kg2 b4 50. h5 gxh5 51. gxh5 Kf6 52. h6 $44) 49. Kg3)
48. gxh5 gxh5 49. Rb5 f5 50. Kg3 $44) 47... b4 48. Rb6+ $4 {Decisive mistake.}
({After the serie of unaccurate moves White still is able to draw:} 48. g4 b3 (
48... hxg4+ 49. fxg4 b3 50. h5 gxh5 51. gxh5 Rb1 52. h6 $44) 49. gxh5 gxh5 50.
Rb5 Rb1 51. Kg2 f5 52. Kg3 Kd6 53. Kf4 Kc6 54. Rb8 Kc5 55. Kxf5 Kc4 56. Kg5 $44
) 48... Kd5 49. Rb7 f5 50. Rb6 {too late.} b3 51. Rxg6 Rf2 52. f4 Kc4 53. Rc6+
0-1